[Event "43rd World U20 ch"]
[Site "Kochi IND"]
[Date "2004.11.22"]
[Round "4.7"]
[White "Deepan Chakravarthy, Jeyakumar"]
[Black "Gareev, Timur"]
[Result "1-0"]
[WhiteElo "2396"]
[BlackElo "2525"]
[EventDate "2004.11.19"]
[PlyCount "59"]

1.e4 c5 2.Nf3 d6 3.d4 cxd4 4.Nxd4 Nf6 5.Nc3 Nc6 6.Bg5 e6 7.Qd2 a6 8.O-O-O 
Be7 9.f3 Qc7 10.Kb1 Nxd4 11.Qxd4 b5 12.Be3 Bb7 13.g4 O-O 14.g5 Nd7 15.h4 
Ne5 16.Rh3 Rfc8 17.Qd2 Qd7 18.Bd4 Nc4 19.Bxc4 Rxc4 20.Qg2 b4 21.Ne2 Rac8 
22.h5 Rxc2 23.g6 Bf8 24.gxh7+ Kxh7 25.Rg3 f6 26.h6 gxh6 27.Bxf6 Qf7 28.e5 
R8c7 29.Rg1 dxe5 30.Rg8 1-0

[Event "43rd World U20 ch"]
[Site "Kochi IND"]
[Date "2004.11.22"]
[Round "4.8"]
[White "Ilyin, Artem"]
[Black "Poobesh Anand, Selvaraj"]
[Result "1-0"]
[WhiteElo "2522"]
[BlackElo "2367"]
[EventDate "2004.11.19"]
[PlyCount "43"]

1.Nf3 Nf6 2.c4 Nc6 3.Nc3 e5 4.g3 d5 5.cxd5 Nxd5 6.Bg2 Be7 7.Nxe5 Nxe5 8.
Nxd5 c6 9.Nxe7 Qxe7 10.d4 Ng4 11.O-O h5 12.h3 Nf6 13.e4 Be6 14.d5 Bd7 15.
Bg5 cxd5 16.exd5 O-O 17.Qxh5 Qe5 18.Qh4 Rfe8 19.Bxf6 gxf6 20.Qb4 Kg7 21.
Rfe1 Qh5 22.h4 1-0

[Event "43rd World U20 ch"]
[Site "Kochi IND"]
[Date "2004.11.22"]
[Round "4.9"]
[White "Zhao Jun"]
[Black "D`Costa, Lorin"]
[Result "1-0"]
[WhiteElo "2511"]
[BlackElo "2358"]
[EventDate "2004.11.19"]
[PlyCount "65"]

1.c4 c5 2.Nf3 Nf6 3.Nc3 e6 4.d4 cxd4 5.Nxd4 a6 6.e4 d6 7.Be2 Be7 8.O-O O-O
9.Be3 b6 10.f3 Qc7 11.Qe1 Nbd7 12.Qf2 Bb7 13.Rfc1 Rac8 14.b4 Qb8 15.Nb3 d5
16.exd5 Bxb4 17.dxe6 fxe6 18.Qh4 b5 19.Nd1 Ba3 20.Rcb1 b4 21.Nd4 Ne5 22.
Nc2 Qa8 23.Nxa3 bxa3 24.Rb3 Bxf3 25.gxf3 Qxf3 26.Qf2 Qc6 27.Qg2 Qd7 28.Rb7
Rc7 29.Rab1 Ne8 30.Rxc7 Nxc7 31.Nf2 Rf6 32.Rb8+ Kf7 33.Ne4 1-0

[Event "43rd World U20 ch"]
[Site "Kochi IND"]
[Date "2004.11.22"]
[Round "4.11"]
[White "Humpy, Koneru"]
[Black "Mabusela, Johannes"]
[Result "1-0"]
[WhiteElo "2503"]
[BlackElo "2316"]
[EventDate "2004.11.19"]
[PlyCount "63"]

1.d4 Nf6 2.c4 e6 3.Nf3 Bb4+ 4.Nbd2 O-O 5.a3 Bxd2+ 6.Bxd2 d6 7.g3 Qe7 8.Bg2
e5 9.O-O c5 10.d5 Nbd7 11.Nh4 Nb6 12.Qc2 Ne8 13.e4 g6 14.Rfe1 Ng7 15.b4 
Nd7 16.Bf1 b6 17.Bd3 f6 18.f4 Rf7 19.Ng2 Nf8 20.Ne3 h5 21.Qd1 Nh7 22.Ra2 
Qd7 23.Bc1 h4 24.f5 gxf5 25.exf5 hxg3 26.Ng4 gxh2+ 27.Rxh2 Kh8 28.Nh6 Re7 
29.Qg4 Bb7 30.Qg6 Nxf5 31.Qxf5 Rg7+ 32.Kf2 1-0

[Event "43rd World U20 ch"]
[Site "Kochi IND"]
[Date "2004.11.22"]
[Round "4.12"]
[White "Tallaksen, Geir Sune"]
[Black "Bartel, Mateusz"]
[Result "1/2-1/2"]
[WhiteElo "2343"]
[BlackElo "2481"]
[EventDate "2004.11.19"]
[PlyCount "56"]

1.d4 Nf6 2.c4 e6 3.Nf3 Bb4+ 4.Bd2 Qe7 5.g3 Nc6 6.Nc3 Bxc3 7.Bxc3 Ne4 8.Qc2
Nxc3 9.Qxc3 Qb4 10.Qxb4 Nxb4 11.Kd2 b6 12.Bg2 Bb7 13.a3 Nc6 14.Kc3 Ne7 15.
Rhd1 d5 16.cxd5 Bxd5 17.Ne1 Rc8 18.Bxd5 exd5 19.b4 Nf5 20.Nd3 Nd6 21.e3 f6
22.Kb3 Kd7 23.a4 g5 24.h4 h5 25.b5 a6 26.Nb4 axb5 27.Nxd5 bxa4+ 28.Rxa4 
Ke6 1/2-1/2

[Event "43rd World U20 ch"]
[Site "Kochi IND"]
[Date "2004.11.22"]
[Round "4.13"]
[White "Cifka, Stanislav"]
[Black "Venkatesh, Marani Rajendran"]
[Result "0-1"]
[WhiteElo "2310"]
[BlackElo "2450"]
[EventDate "2004.11.19"]
[PlyCount "96"]

1.e4 c5 2.Nf3 Nc6 3.Bb5 Nf6 4.Nc3 Qc7 5.O-O Nd4 6.Nxd4 cxd4 7.Nd5 Nxd5 8.
exd5 g6 9.Re1 Bg7 10.c4 a6 11.Ba4 Qxc4 12.d6 e6 13.d3 Qb4 14.Bf4 b5 15.Bb3
Bb7 16.Qd2 Qxd2 17.Bxd2 Rc8 18.Ba5 O-O 19.Rac1 Bf6 20.Bd1 Bg5 21.Rxc8 Rxc8
22.Bc7 Bd8 23.Bf3 Bxf3 24.gxf3 Kg7 25.f4 Kf6 26.Kg2 g5 27.Kf3 gxf4 28.Ke4 
e5 29.Kd5 Kf5 30.f3 Bf6 31.Rg1 h5 32.Rg2 Rh8 33.Rg1 Bg5 34.Bb6 b4 35.a4 
bxa3 36.bxa3 Rb8 37.Kc5 Bf6 38.a4 Ke6 39.a5 Bh4 40.Bc7 Rb3 41.Rg8 Rc3+ 42.
Kb6 Rxd3 43.Kxa6 Rxf3 44.Kb7 Ra3 45.a6 d3 46.Rg1 e4 47.a7 Rxa7+ 48.Kxa7 
Bf2+ 0-1

[Event "43rd World U20 ch"]
[Site "Kochi IND"]
[Date "2004.11.22"]
[Round "4.14"]
[White "Smerdon, David"]
[Black "Raghuram, Balaji"]
[Result "1-0"]
[WhiteElo "2425"]
[BlackElo "2043"]
[EventDate "2004.11.19"]
[PlyCount "87"]

1.e4 c6 2.c4 d5 3.exd5 cxd5 4.cxd5 Nf6 5.Bb5+ Nbd7 6.Nc3 a6 7.Qa4 g6 8.Nf3
Bg7 9.O-O O-O 10.Bxd7 Nxd7 11.d4 b5 12.Qb3 Nb6 13.a4 bxa4 14.Nxa4 Nxd5 15.
Nc5 Qd6 16.Ne4 Qd8 17.Ne5 Bf5 18.Nc6 Qe8 19.Qxd5 e6 20.Qc5 Bxe4 21.Ne7+ 
Kh8 22.Re1 Bb7 23.d5 exd5 24.Nxg6+ fxg6 25.Rxe8 Raxe8 26.Be3 Kg8 27.Rd1 
Rf7 28.b3 Rfe7 29.h3 Be5 30.Bd4 Bf4 31.Bc3 Bb8 32.h4 Re4 33.Qb6 d4 34.f3 
dxc3 35.fxe4 c2 36.Rc1 Bxe4 37.Qxa6 Kg7 38.Qc4 Bf5 39.g4 Ba7+ 40.Kf1 Rd8 
41.Qc7+ Rd7 42.Rxc2 Rxc7 43.Rxc7+ Kf8 44.gxf5 1-0

[Event "43rd World U20 ch"]
[Site "Kochi IND"]
[Date "2004.11.22"]
[Round "4.15"]
[White "Smeets, Jan"]
[Black "Perdomo, Leandro"]
[Result "0-1"]
[WhiteElo "2515"]
[BlackElo "2312"]
[EventDate "2004.11.19"]
[PlyCount "70"]

1.e4 e5 2.Nf3 Nc6 3.Bb5 a6 4.Ba4 Nf6 5.O-O Be7 6.Re1 b5 7.Bb3 O-O 8.c3 d5 
9.exd5 Nxd5 10.Nxe5 Nxe5 11.Rxe5 Nf6 12.d4 Bd6 13.Re1 Ng4 14.h3 Qh4 15.Qf3
h5 16.Re2 Bh2+ 17.Kh1 Rb8 18.Bxf7+ Kh8 19.Qd5 Be5 20.Nd2 Bb7 21.Nf3 Qxf2 
22.Rxf2 Nxf2+ 23.Kg1 Bxd5 24.Nxe5 Bxf7 25.Kxf2 Be6+ 26.Ke2 Kh7 27.Be3 Rbe8
28.a4 Bd5 29.g3 c5 30.Kd3 cxd4 31.Kxd4 Bg2 32.axb5 Rf5 33.Nc6 Rd5+ 34.Kc4 
axb5+ 35.Kb4 Rxe3 0-1

[Event "43rd World U20 ch"]
[Site "Kochi IND"]
[Date "2004.11.22"]
[Round "4.16"]
[White "Moradiabadi, Elshan"]
[Black "Gopal, Geetha Narayanan"]
[Result "1-0"]
[WhiteElo "2445"]
[BlackElo "2278"]
[EventDate "2004.11.19"]
[PlyCount "92"]

1.Nf3 Nf6 2.c4 g6 3.Nc3 d5 4.cxd5 Nxd5 5.Qa4+ Bd7 6.Qh4 Nxc3 7.dxc3 Nc6 8.
Qg3 Bg7 9.Bf4 Bf5 10.Nd2 e5 11.Bg5 f6 12.e4 fxg5 13.exf5 gxf5 14.O-O-O Qf6
15.Nb3 O-O 16.Bc4+ Kh8 17.Nc5 Qe7 18.Ne6 Rg8 19.h4 g4 20.Ng5 Rgf8 21.f3 
Na5 22.Be6 e4 23.fxe4 fxe4 24.Rd7 Qf6 25.Qxg4 Qf4+ 26.Qxf4 Rxf4 27.Rxc7 
Raf8 28.g3 R4f6 29.Bd5 e3 30.Re7 h6 31.Nf7+ Kh7 32.Re1 Nc6 33.Rxb7 Re8 34.
g4 e2 35.Kd2 Nd8 36.Rd7 Nxf7 37.Bxf7 Rb8 38.Bb3 Rf4 39.g5 Re8 40.gxh6 Kxh6
41.Rxe2 Rxe2+ 42.Kxe2 Rxh4 43.Bc2 Rh2+ 44.Kd3 a5 45.Ra7 Rh5 46.Kc4 Rg5 1-0

[Event "43rd World U20 ch"]
[Site "Kochi IND"]
[Date "2004.11.22"]
[Round "4.17"]
[White "Sengupta, Deep"]
[Black "Mihailidis, Anastasios"]
[Result "1-0"]
[WhiteElo "2359"]
[BlackElo "2278"]
[EventDate "2004.11.19"]
[PlyCount "53"]

1.f4 d5 2.Nf3 g6 3.g3 Bg7 4.Bg2 Nf6 5.O-O Bg4 6.d3 O-O 7.c3 Nbd7 8.Nbd2 
Re8 9.Ne5 Be6 10.Nxd7 Qxd7 11.e4 dxe4 12.dxe4 Rad8 13.e5 Ng4 14.Qe2 f6 15.
h3 Nh6 16.g4 Nf7 17.Nb3 Qa4 18.Nc5 Qc4 19.Qf2 Bd5 20.e6 Bxe6 21.b3 Qxc3 
22.Bb2 Qb4 23.Nxe6 Rd2 24.Ba3 Rxf2 25.Bxb4 Rxf1+ 26.Rxf1 c6 27.Rd1 1-0

[Event "43rd World U20 ch"]
[Site "Kochi IND"]
[Date "2004.11.22"]
[Round "4.18"]
[White "Arghyadip Das"]
[Black "Patwardhan, Omkar"]
[Result "1-0"]
[WhiteElo "2353"]
[BlackElo "2212"]
[EventDate "2004.11.19"]
[PlyCount "67"]

1.e4 c5 2.Nf3 Nc6 3.d4 cxd4 4.Nxd4 Nf6 5.Nc3 e5 6.Ndb5 d6 7.Bg5 a6 8.Na3 
b5 9.Bxf6 gxf6 10.Nd5 f5 11.Bd3 Be6 12.c3 Bg7 13.Qh5 f4 14.g3 Ne7 15.Nxe7 
Qxe7 16.gxf4 exf4 17.Rg1 Qf6 18.Nc2 Kf8 19.a4 Rc8 20.axb5 axb5 21.Qxb5 Rg8
22.Qb6 Qe7 23.Ra7 Bxc3+ 24.Ke2 f3+ 25.Ke3 Bd7 26.Rxd7 Qxd7 27.Rxg8+ Kxg8 
28.bxc3 Rxc3 29.Nd4 Kf8 30.Nf5 Qc7 31.Qxd6+ Qxd6 32.Nxd6 Rc1 33.Nf5 Rh1 
34.h4 1-0

[Event "43rd World U20 ch"]
[Site "Kochi IND"]
[Date "2004.11.22"]
[Round "4.19"]
[White "Nad Hedesi, Balind"]
[Black "Bhatti, Ranveersingh"]
[Result "1-0"]
[WhiteElo "2337"]
[BlackElo "2195"]
[EventDate "2004.11.19"]
[PlyCount "63"]

1.e4 c5 2.Nc3 Nc6 3.Bb5 Nd4 4.Bc4 e6 5.Nf3 Ne7 6.O-O Nec6 7.d3 Be7 8.Nxd4 
cxd4 9.Ne2 O-O 10.f4 b6 11.a3 a5 12.Qe1 Bb7 13.Qf2 Bh4 14.Qf3 Rc8 15.Qg4 
Be7 16.Bb3 Kh8 17.f5 b5 18.Bf4 a4 19.Ba2 b4 20.Kh1 bxa3 21.bxa3 Bxa3 22.
Bc4 Be7 23.Rxa4 Ra8 24.Rxa8 Bxa8 25.Rf3 Rg8 26.Rh3 g6 27.Nxd4 exf5 28.Nxf5
Bf6 29.Nh6 Rf8 30.Nxf7+ Rxf7 31.Bxf7 Qa5 32.Rxh7+ 1-0

[Event "43rd World U20 ch"]
[Site "Kochi IND"]
[Date "2004.11.22"]
[Round "4.22"]
[White "Aswin, Jayaram"]
[Black "Rohit, Gogineni"]
[Result "1-0"]
[WhiteElo "2160"]
[BlackElo "2281"]
[EventDate "2004.11.19"]
[PlyCount "141"]

1.e4 c5 2.Nf3 d6 3.c3 Nf6 4.Be2 g6 5.O-O Bg7 6.Bb5+ Nbd7 7.Re1 a6 8.Bf1 
Ne5 9.d4 Nxf3+ 10.Qxf3 Nd7 11.Rd1 O-O 12.Be3 Qc7 13.Nd2 b6 14.Rac1 Bb7 15.
Qh3 e6 16.Bh6 Rfc8 17.Bxg7 Kxg7 18.Qd3 Nf6 19.c4 cxd4 20.Qxd4 Qc5 21.Qc3 
e5 22.Nb3 Qc7 23.f3 Bc6 24.Qb4 Rd8 25.Nd2 Bb7 26.Kh1 Rac8 27.Nb1 b5 28.Qe1
Qb6 29.Na3 b4 30.Nc2 a5 31.Ne3 Nd7 32.Rd2 Rc5 33.Rcd1 Nf6 34.Qg3 Bc8 35.
Rd3 Be6 36.b3 Rc6 37.Qe1 Nd7 38.R3d2 Nc5 39.Bd3 a4 40.Bc2 Ra8 41.Rb1 axb3 
42.axb3 Ra3 43.Nd1 Qa5 44.Nf2 Ra2 45.Qd1 Ra6 46.Nd3 Nxd3 47.Bxd3 Qc5 48.
Bc2 Qa7 49.h3 h5 50.Kh2 Qe3 51.Rd3 Qc5 52.Rd2 g5 53.Qg1 R6a3 54.Qc1 Kf6 
55.h4 gxh4 56.Rd5 Bxd5 57.exd5 Rxc2 58.Qxc2 Qe3 59.f4 Qxf4+ 60.Kg1 Ke7 61.
Rf1 Qe3+ 62.Kh1 h3 63.Qf5 hxg2+ 64.Kxg2 Ra2+ 65.Kh1 Kd8 66.c5 Qg3 67.Qf6+ 
Kc8 68.Qh8+ Kb7 69.Rxf7+ Ka6 70.Qa8+ Kb5 71.Qc6+ 1-0

[Event "43rd World U20 ch"]
[Site "Kochi IND"]
[Date "2004.11.22"]
[Round "4.23"]
[White "Lafuente, Pablo"]
[Black "Artels, Lieven"]
[Result "1-0"]
[WhiteElo "2473"]
[BlackElo "2084"]
[EventDate "2004.11.19"]
[PlyCount "67"]

1.d4 d5 2.c4 e6 3.Nc3 c5 4.cxd5 exd5 5.Nf3 Nf6 6.g3 Nc6 7.Bg2 Be6 8.O-O 
cxd4 9.Nxd4 Be7 10.b3 O-O 11.Bb2 Re8 12.Rc1 Bf8 13.Nxc6 bxc6 14.Na4 Rc8 
15.Qd4 Qa5 16.Rfd1 Red8 17.Qf4 Be7 18.Qd2 Qc7 19.Bc3 Re8 20.Bd4 Ba3 21.Bb2
Be7 22.Nc5 Nd7 23.Nxe6 fxe6 24.e4 Nb6 25.exd5 exd5 26.Bh3 Rcd8 27.Be6+ Kh8
28.Qh6 d4 29.Rxd4 Bf6 30.Rxd8 Qxd8 31.Bxf6 gxf6 32.Bf5 Qe7 33.Rxc6 Nd5 34.
Re6 1-0

[Event "43rd World U20 ch"]
[Site "Kochi IND"]
[Date "2004.11.22"]
[Round "4.24"]
[White "Nitin, Senthilvel"]
[Black "Tiwari, Arjun"]
[Result "1-0"]
[WhiteElo "2119"]
[BlackElo "2319"]
[EventDate "2004.11.19"]
[PlyCount "67"]

1.e4 c5 2.Nf3 Nc6 3.d4 cxd4 4.Nxd4 Nf6 5.Nc3 e5 6.Ndb5 d6 7.Nd5 Nxd5 8.
exd5 Ne7 9.c4 Nf5 10.Bd3 Be7 11.O-O O-O 12.b4 a6 13.Nc3 Nh4 14.c5 f5 15.
Bc4 e4 16.Ne2 Bg5 17.Nf4 Qf6 18.Rb1 Qh6 19.Ne6 Bxc1 20.Qxc1 f4 21.Rb3 Qg6 
22.g3 Nf3+ 23.Rxf3 exf3 24.Nxf8 Qh6 25.Qxf4 Qxf4 26.gxf4 Kxf8 27.c6 Ra7 
28.Re1 b5 29.Bd3 a5 30.a4 g5 31.fxg5 Rf7 32.axb5 Rf4 33.bxa5 Rd4 34.Be4 
1-0

[Event "43rd World U20 ch"]
[Site "Kochi IND"]
[Date "2004.11.22"]
[Round "4.25"]
[White "Ashwath, Raja"]
[Black "Mishra, Soumyaranjan"]
[Result "1/2-1/2"]
[WhiteElo "2124"]
[BlackElo "2299"]
[EventDate "2004.11.19"]
[PlyCount "118"]

1.d4 Nf6 2.c4 e6 3.Nc3 Bb4 4.Qc2 d5 5.Bg5 h6 6.Bh4 O-O 7.e3 c5 8.Nf3 cxd4 
9.exd4 Nc6 10.Rd1 b6 11.cxd5 exd5 12.Be2 g5 13.Bg3 Ne4 14.O-O Bxc3 15.bxc3
Bf5 16.Qb2 Qc8 17.c4 Nxg3 18.fxg3 Be6 19.cxd5 Bxd5 20.Ne5 Qe6 21.Bf3 Rad8 
22.Nxc6 Qxc6 23.Qf2 Bxf3 24.Qxf3 Qxf3 25.gxf3 Rfe8 26.Kf2 f6 27.Rd3 Rd5 
28.Rc1 Kf7 29.Rc7+ Re7 30.Rxe7+ Kxe7 31.Ra3 Rd7 32.Ke3 Ke6 33.Rc3 Kd5 34.
Kd3 Re7 35.Ra3 Rc7 36.g4 Re7 37.Rc3 Re1 38.Rc7 Rd1+ 39.Ke3 Re1+ 40.Kd3 a5 
41.Rf7 Ke6 42.Rb7 Rb1 43.Ke4 Rb2 44.d5+ Kd6 45.Rf7 Rb4+ 46.Ke3 Kxd5 47.
Rxf6 b5 48.Rxh6 Ra4 49.Rg6 Ra3+ 50.Kf2 Rxa2+ 51.Kg3 b4 52.Rxg5+ Kc4 53.Rg8
b3 54.Rc8+ Kd5 55.g5 Ra1 56.Rb8 a4 57.Kf2 Ke6 58.h4 Rh1 59.Rb6+ Kf7 
1/2-1/2

[Event "43rd World U20 ch"]
[Site "Kochi IND"]
[Date "2004.11.22"]
[Round "4.27"]
[White "Cereijo, Nicolas"]
[Black "Ruijgrok, Dennis"]
[Result "1/2-1/2"]
[WhiteElo "2120"]
[BlackElo "2255"]
[EventDate "2004.11.19"]
[PlyCount "49"]

1.e4 c5 2.Nf3 Nc6 3.Bb5 g6 4.O-O Bg7 5.Re1 Nf6 6.Nc3 O-O 7.e5 Ne8 8.d3 Nc7
9.Bc4 h6 10.d4 b6 11.Bf4 Kh7 12.h4 Bb7 13.h5 Nxd4 14.Nxd4 cxd4 15.Ne2 d5 
16.exd6 exd6 17.Ng3 Qf6 18.Qg4 g5 19.Bd2 d5 20.Qf5+ Qxf5 21.Nxf5 dxc4 22.
Re7 Rac8 23.Nxg7 c3 24.bxc3 dxc3 25.Be1 1/2-1/2

[Event "43rd World U20 ch"]
[Site "Kochi IND"]
[Date "2004.11.22"]
[Round "4.28"]
[White "Phanikanth, J. S. S."]
[Black "Hasan Parag, Mehdi"]
[Result "0-1"]
[WhiteElo "1985"]
[BlackElo "2251"]
[EventDate "2004.11.19"]
[PlyCount "70"]

1.d4 d5 2.c4 c6 3.cxd5 cxd5 4.Nc3 Nf6 5.Nf3 Nc6 6.Bf4 a6 7.e3 Bf5 8.Bd3 
Bxd3 9.Qxd3 e6 10.O-O Be7 11.h3 O-O 12.Rac1 Rc8 13.Rfd1 h6 14.a3 b5 15.e4 
Na5 16.Nd2 Nc4 17.Nxc4 bxc4 18.Qf3 Rc6 19.Be5 Rb6 20.Bxf6 Bxf6 21.exd5 
Rxb2 22.Qe4 Bg5 23.Rb1 Rxb1 24.Rxb1 Bd2 25.Na4 Qxd5 26.Nc5 c3 27.Qd3 Qf5 
28.Ne4 Rc8 29.Qxa6 e5 30.g4 Qe6 31.Qd3 c2 32.Nxd2 cxb1=Q+ 33.Qxb1 exd4 34.
a4 Qc6 35.Kh2 Qxa4 0-1

[Event "43rd World U20 ch"]
[Site "Kochi IND"]
[Date "2004.11.22"]
[Round "4.29"]
[White "Sai Srinivas, Dasari"]
[Black "Karthikeyan, Pandian"]
[Result "1-0"]
[WhiteElo "2237"]
[BlackElo "2131"]
[EventDate "2004.11.19"]
[PlyCount "102"]

1.Nf3 Nf6 2.c4 e6 3.b3 Be7 4.Bb2 O-O 5.g3 d5 6.Bg2 dxc4 7.bxc4 c5 8.O-O 
Nc6 9.d3 Bd7 10.Nbd2 Rc8 11.Rb1 b6 12.Bc3 Ne8 13.Ne1 Bf6 14.Ne4 Bxc3 15.
Nxc3 Nd6 16.Nc2 Qf6 17.Qe1 Rfd8 18.f4 Nd4 19.Na3 Bc6 20.e3 N4f5 21.Nc2 
Bxg2 22.Kxg2 Qe7 23.Kg1 Nb7 24.Qe2 Rd7 25.Nb5 Na5 26.g4 Nd6 27.Nc3 Rcd8 
28.Rbd1 Qf6 29.Na4 Qg6 30.e4 f5 31.exf5 Nxf5 32.Nc3 Nc6 33.Ne4 Ncd4 34.
Nxd4 cxd4 35.Rb1 Ne3 36.Rf2 Rf8 37.h3 e5 38.fxe5 Rxf2 39.Qxf2 h6 40.Re1 
Rf7 41.Qg3 Re7 42.g5 h5 43.Re2 Rf7 44.Rf2 Rxf2 45.Qxf2 Qf7 46.Nd6 Qe7 47.
Qf4 a6 48.g6 Qf8 49.Qf7+ Qxf7 50.gxf7+ Kf8 51.e6 g5 1-0

[Event "43rd World U20 ch"]
[Site "Kochi IND"]
[Date "2004.11.22"]
[Round "4.30"]
[White "Mandizha, Farai"]
[Black "Soon Wai Cheong"]
[Result "1-0"]
[WhiteElo "2200"]
[BlackElo "2048"]
[EventDate "2004.11.19"]
[PlyCount "117"]

1.d4 d5 2.c4 c6 3.Nf3 Nf6 4.Qc2 e6 5.Nc3 Nbd7 6.cxd5 exd5 7.Bf4 Be7 8.h3 
O-O 9.e3 b6 10.Be2 Bb7 11.O-O Re8 12.Rab1 Nf8 13.b4 Ng6 14.Bh2 Bd6 15.Bxd6
Qxd6 16.a4 Re7 17.Rfc1 Rae8 18.b5 c5 19.a5 c4 20.Qa4 Bc8 21.Qb4 Qb8 22.
axb6 axb6 23.Ra1 h6 24.Ra2 Bf5 25.Rca1 Be4 26.Nd2 Bf5 27.Nf1 Bc8 28.Ra8 
Qc7 29.R8a7 Qxa7 30.Rxa7 Rxa7 31.Qd6 Ne7 32.Qxb6 Ra3 33.Nd1 Rb3 34.Nd2 Ra3
35.Nb1 Rb3 36.Nbc3 Be6 37.f3 Nd7 38.Qa5 Nf5 39.Kf2 g5 40.g4 Nd6 41.Qa6 Nc8
42.e4 Ncb6 43.exd5 Nxd5 44.Nxd5 Bxd5 45.Qxh6 f6 46.Qg6+ Kf8 47.Qf5 Be6 48.
Qc2 Rxb5 49.Nc3 Rb4 50.d5 Bf7 51.Qf5 Rd8 52.f4 Rb3 53.Ne4 gxf4 54.g5 Re3 
55.Qxf4 Rxh3 56.Qd6+ Kg8 57.Nxf6+ Kg7 58.Nxd7 Rdh8 59.Qf6+ 1-0

[Event "43rd World U20 ch"]
[Site "Kochi IND"]
[Date "2004.11.22"]
[Round "4.32"]
[White "Arun, Karthik Ravichandra"]
[Black "Prasanna, Kannappan"]
[Result "1/2-1/2"]
[WhiteElo "2152"]
[BlackElo "2096"]
[EventDate "2004.11.19"]
[PlyCount "54"]

1.e4 c5 2.Nc3 Nc6 3.f4 g6 4.Nf3 Bg7 5.Bb5 Nd4 6.Bd3 d6 7.Nxd4 cxd4 8.Ne2 
Nf6 9.O-O O-O 10.Qe1 Nd7 11.c3 Nc5 12.Bb1 d3 13.Ng3 a5 14.Rf3 Bg4 15.Rf2 
Bd7 16.Rf3 Bb5 17.Nh1 d5 18.e5 d4 19.Nf2 f6 20.Nxd3 Bxd3 21.Bxd3 fxe5 22.
Bc4+ Kh8 23.fxe5 Rxf3 24.gxf3 Qd7 25.b4 axb4 26.cxb4 Na4 27.Qe4 Rf8 
1/2-1/2

[Event "43rd World U20 ch"]
[Site "Kochi IND"]
[Date "2004.11.22"]
[Round "4.33"]
[White "Phadke, Sohan"]
[Black "Soumitra, Mujumdar"]
[Result "1/2-1/2"]
[WhiteElo "2125"]
[BlackElo "2148"]
[EventDate "2004.11.19"]
[PlyCount "72"]

1.e4 e5 2.f4 exf4 3.Nf3 d6 4.d4 Nf6 5.Nc3 Be7 6.Bxf4 O-O 7.Bd3 Bg4 8.O-O 
Nc6 9.Be3 Nb4 10.a3 Nxd3 11.cxd3 c6 12.h3 Bh5 13.g4 Bg6 14.Qd2 Rc8 15.Rae1
d5 16.Ne5 Ne8 17.Nxg6 hxg6 18.Qg2 Nc7 19.Re2 Bg5 20.Bxg5 Qxg5 21.exd5 Qd8 
22.dxc6 Qxd4+ 23.Qf2 Qxf2+ 24.Rfxf2 bxc6 25.Re7 a6 26.Ne4 Nd5 27.Ra7 Rce8 
28.Rxa6 f5 29.gxf5 gxf5 30.Nc3 Re1+ 31.Rf1 Re3 32.Rxc6 Nxc3 33.Rxc3 Rxh3 
34.d4 Rh4 35.Rd1 f4 36.d5 f3 1/2-1/2

[Event "43rd World U20 ch"]
[Site "Kochi IND"]
[Date "2004.11.22"]
[Round "4.34"]
[White "Navin, Kanna"]
[Black "Vaidya Chaitanya, N."]
[Result "1/2-1/2"]
[WhiteElo "2058"]
[BlackElo "2184"]
[EventDate "2004.11.19"]
[PlyCount "87"]

1.e4 e6 2.d4 d5 3.Nd2 Nf6 4.e5 Nfd7 5.f4 c5 6.c3 Nc6 7.Ndf3 Qb6 8.Ne2 cxd4
9.cxd4 Bb4+ 10.Nc3 f6 11.a3 Be7 12.g3 O-O 13.Bh3 fxe5 14.Bxe6+ Kh8 15.Nxd5
Qd8 16.Bxd7 e4 17.Bxc8 Qxd5 18.Bxb7 exf3 19.O-O Rab8 20.Bxc6 Qxc6 21.Qxf3 
Qd6 22.b4 Bf6 23.Be3 Rfe8 24.Rad1 a5 25.f5 Rbd8 26.Kh1 axb4 27.Bf4 Qe7 28.
axb4 Bxd4 29.b5 Bf6 30.Rxd8 Qxd8 31.Rd1 Qa5 32.Qc6 Re1+ 33.Kg2 h6 34.Rxe1 
Qxe1 35.Qc2 Bd4 36.Qc8+ Kh7 37.Qc2 Qg1+ 38.Kf3 Qh1+ 39.Ke2 Qxh2+ 40.Kd3 
Qg1 41.Kc4 Bf6 42.Qd3 Qa7 43.Qd5 Qa2+ 44.Kc5 1/2-1/2

[Event "43rd World U20 ch"]
[Site "Kochi IND"]
[Date "2004.11.22"]
[Round "5.1"]
[White "Harikrishna, Pentala"]
[Black "Petrosian, Tigran L."]
[Result "1-0"]
[WhiteElo "2612"]
[BlackElo "2539"]
[EventDate "2004.11.19"]
[PlyCount "119"]

1.d4 d5 2.c4 e6 3.Nc3 c5 4.cxd5 exd5 5.Nf3 Nc6 6.g3 Nf6 7.Bg2 Be7 8.O-O 
O-O 9.Bg5 cxd4 10.Nxd4 h6 11.Be3 Re8 12.Qb3 Na5 13.Qc2 Bg4 14.Nf5 Bb4 15.
Bd4 Bxc3 16.Bxc3 Rxe2 17.Qd3 Re8 18.Ne3 Be6 19.Qb5 b6 20.b4 Nb7 21.Bxf6 
Qxf6 22.Nxd5 Bxd5 23.Qxd5 Re7 24.Rae1 Rc7 25.Rc1 Rac8 26.Rxc7 Rxc7 27.Rd1 
g6 28.h4 h5 29.Rd2 Qc3 30.Be4 Kf8 31.Qg5 Kg7 32.Kg2 Qf6 33.Qd5 Re7 34.Bf3 
Rc7 35.Be2 Qe6 36.Qxe6 fxe6 37.Bf3 Kf6 38.Be4 a5 39.a3 axb4 40.axb4 g5 41.
hxg5+ Kxg5 42.Kh3 Kf6 43.f4 Ke7 44.Bxb7 Rxb7 45.Re2 Rc7 46.f5 Kf6 47.fxe6 
Ke7 48.Re5 Rc6 49.Kh4 Rc4+ 50.Kxh5 Rxb4 51.g4 Rb1 52.g5 Rh1+ 53.Kg6 Rb1 
54.Kh6 b5 55.g6 Rh1+ 56.Rh5 Rg1 57.Kh7 Kf6 58.e7 Re1 59.g7 Rxe7 60.Rh6+ 
1-0

[Event "43rd World U20 ch"]
[Site "Kochi IND"]
[Date "2004.11.22"]
[Round "5.2"]
[White "Paragua, Mark"]
[Black "Alexeev, Evgeny"]
[Result "0-1"]
[WhiteElo "2534"]
[BlackElo "2604"]
[EventDate "2004.11.19"]
[PlyCount "48"]

1.d4 Nf6 2.Nf3 e6 3.c4 b6 4.g3 Ba6 5.Qa4 Bb7 6.Bg2 c5 7.O-O cxd4 8.Nxd4 
Bxg2 9.Kxg2 Qc8 10.Rd1 Be7 11.Nc3 O-O 12.Ndb5 Qc6+ 13.f3 Rc8 14.Bf4 Ne8 
15.Rac1 a6 16.Nd4 Qb7 17.Qb3 d6 18.c5 dxc5 19.Na4 b5 20.Nxe6 c4 21.Qe3 
bxa4 22.Nd8 Qa7 23.Qe4 Nf6 24.Rxc4 Nc6 0-1

[Event "43rd World U20 ch"]
[Site "Kochi IND"]
[Date "2004.11.22"]
[Round "5.4"]
[White "Venkatesh, Marani Rajendran"]
[Black "Ilyin, Artem"]
[Result "1-0"]
[WhiteElo "2450"]
[BlackElo "2522"]
[EventDate "2004.11.19"]
[PlyCount "113"]

1.e4 c6 2.d4 d5 3.Nc3 dxe4 4.Nxe4 Bf5 5.Ng3 Bg6 6.h4 h6 7.Nf3 Nd7 8.h5 Bh7
9.Bd3 Bxd3 10.Qxd3 Qc7 11.Bd2 e6 12.O-O-O Ngf6 13.Kb1 Bd6 14.Ne4 Nxe4 15.
Qxe4 Nf6 16.Qe2 O-O-O 17.c4 c5 18.Bc3 Rhe8 19.Ne5 cxd4 20.Bxd4 Bxe5 21.
Bxe5 Qc5 22.f4 Rxd1+ 23.Rxd1 Rd8 24.Rc1 Qa5 25.Rc2 Qc5 26.a3 Qc6 27.Ka2 
Ne8 28.g4 Qd7 29.Qe3 f6 30.Bc3 b6 31.c5 Qd5+ 32.b3 b5 33.c6 Nc7 34.Bxf6 
Qd1 35.Rb2 gxf6 36.Qxa7 Rd2 37.Qb7+ Kd8 38.Qb8+ Ke7 39.Qxc7+ Kf8 40.Qh7 
Rxb2+ 41.Kxb2 Qd4+ 42.Kc2 Qf2+ 43.Kc3 Qc5+ 44.Kd3 Qd5+ 45.Ke3 Qc5+ 46.Ke2 
Qxc6 47.Qxh6+ Ke7 48.Qg7+ Kd6 49.Qxf6 Qc2+ 50.Ke3 Qc1+ 51.Kd3 Qd1+ 52.Ke3 
Qe1+ 53.Kf3 Qf1+ 54.Kg3 Qe1+ 55.Kh2 Qf2+ 56.Kh3 Qf3+ 57.Kh4 1-0

[Event "43rd World U20 ch"]
[Site "Kochi IND"]
[Date "2004.11.22"]
[Round "5.5"]
[White "l`Ami, Erwin"]
[Black "Smerdon, David"]
[Result "1/2-1/2"]
[WhiteElo "2516"]
[BlackElo "2425"]
[EventDate "2004.11.19"]
[PlyCount "95"]

1.e4 d5 2.exd5 Nf6 3.Bb5+ Nbd7 4.Nf3 Nxd5 5.d4 c6 6.Be2 Qc7 7.O-O Nf4 8.
Bc4 e6 9.Re1 Bd6 10.Bf1 b5 11.Nbd2 O-O 12.Ne4 Be7 13.c3 Ng6 14.a4 bxa4 15.
Qxa4 a5 16.Bg5 Bxg5 17.Nfxg5 h6 18.Nf3 c5 19.Qa3 cxd4 20.Nxd4 Bb7 21.Nd6 
Nc5 22.Nxb7 Nxb7 23.g3 Ne5 24.Bg2 Nc4 25.Qa2 Ncd6 26.Re5 Ra6 27.Nb5 Nxb5 
28.Rxb5 Rb6 29.Rxb6 Qxb6 30.Bxb7 Qxb7 31.b4 axb4 32.Rb1 Ra8 33.Qb3 Qf3 34.
cxb4 Qxb3 35.Rxb3 Kf8 36.h4 Ke7 37.Kg2 Kd6 38.Kf3 Kd5 39.Rd3+ Ke5 40.Ke3 
Rb8 41.f4+ Kf5 42.Rb3 e5 43.fxe5 Kxe5 44.b5 Rb6 45.Rb4 Kd5 46.Rf4 Ke6 47.
Re4+ Kd6 48.Rf4 1/2-1/2

[Event "43rd World U20 ch"]
[Site "Kochi IND"]
[Date "2004.11.22"]
[Round "5.6"]
[White "Deepan Chakravarthy, Jeyakumar"]
[Black "Zhao Jun"]
[Result "0-1"]
[WhiteElo "2396"]
[BlackElo "2511"]
[EventDate "2004.11.19"]
[PlyCount "82"]

1.e4 e6 2.d4 d5 3.Nd2 c5 4.Ngf3 cxd4 5.exd5 Qxd5 6.Bc4 Qd6 7.O-O Nf6 8.Nb3
Nc6 9.Nbxd4 Nxd4 10.Nxd4 a6 11.Bb3 Bd7 12.c3 Qc7 13.Qf3 Bd6 14.h3 O-O-O 
15.Bg5 Be5 16.Rfe1 h6 17.Bh4 Bh2+ 18.Kh1 Bf4 19.Bxf6 gxf6 20.Qh5 Rh7 21.
Rad1 Rg7 22.Bc2 Rdg8 23.Be4 Kb8 24.g3 Bd6 25.Bg2 f5 26.Qxh6 f4 27.g4 Rg6 
28.Qh7 e5 29.Nf3 f6 30.Nh4 R6g7 31.Qd3 Bc5 32.Nf5 Bxf5 33.Qxf5 Bxf2 34.Re2
Be3 35.Qxf6 Rxg4 36.Rxe3 R4g6 37.Qxg6 Rxg6 38.Red3 Rg7 39.Rd8+ Ka7 40.R8d3
Qb6 41.Rd7 Rxg2 0-1

[Event "43rd World U20 ch"]
[Site "Kochi IND"]
[Date "2004.11.22"]
[Round "5.7"]
[White "Drozdovskyi, Yury"]
[Black "Tikkanen, Hans"]
[Result "1-0"]
[WhiteElo "2510"]
[BlackElo "2338"]
[EventDate "2004.11.19"]
[PlyCount "55"]

1.d4 g6 2.g3 Bg7 3.Bg2 d6 4.Nf3 e5 5.Nc3 Nd7 6.e4 Ne7 7.O-O O-O 8.Re1 h6 
9.a4 Nc6 10.dxe5 Ndxe5 11.Nxe5 Nxe5 12.h3 c6 13.Kh2 Qb6 14.Qe2 Be6 15.a5 
Qc7 16.f4 Nd7 17.Be3 Rfe8 18.Qf2 Bc4 19.Bd4 Bf8 20.b3 c5 21.Be3 Bg7 22.e5 
Ba6 23.Nd5 Qb8 24.Rad1 dxe5 25.f5 Bb5 26.Nc3 Ba6 27.Nd5 Bb5 28.Nc3 1-0